What Country owns these Territories (Oceania) - Statistics

General Stats
  • This quiz has been taken 6 times
  • The average score is 14 of 17
Answer Stats
Territory Answer % Correct
_ _ _ _ _ _ Polynesia France
100%
Cook Islands New Zealand
100%
Pitcairn Islands United Kingdom
100%
Guam United States
100%
_ _ _ _ _ _ _ _ Samoa United States
100%
Cocos (Keeling) Islands Australia
83%
Norfolk Islands Australia
83%
Christmas Islands Australia
83%
Easter Island Chile
83%
New Caledonia France
83%
Wallis and Futuna France
83%
Tokelau New Zealand
83%
Niue New Zealand
83%
Northern Mariana Islands United States
83%
Midway Atoll United States
83%
Wake Island United States
67%
Salas y Gomez Island Chile
33%
No matching quizzes found
Score Distribution
Percent of People with Each Score
Percentile by Number Answered
Your Score History
You have not taken this quiz